[Event "Deutsche Ländermeisterschaft 2022"]
[Site "Wiesbaden GER"]
[Date "2022.10.01"]
[Round "1"]
[White "Sidletskyi, Ivan"]
[Black "Feidt, Jonas"]
[Result "1-0"]
[Termination "normal"]
[Board "6.3"]
[WhiteElo "2184"]
[BlackElo "1908"]
[WhiteClock "00:11:42"]
[BlackClock "00:02:37"]
[WhiteTeam "Rheinland-Pfalz"]
[BlackTeam "Saarland"]
[PlyCount "115"]
[WhiteFideId "14156024"]
[BlackFideId "16243617"]
[EventCountry "GER"]
[EventRounds "7"]
[EventType "team-swiss"]
[EventDate "2022.09.30"]

1. e4 {[%clk 01:29:36]} {[%emt 00:01:24]} c6 {[%clk 01:30:50]} {[%emt
00:00:11]} 2. d4 {[%clk 01:29:15]} {[%emt 00:00:50]} d5 {[%clk 01:31:09]}
{[%emt 00:00:11]} 3. f3 {[%clk 01:29:05]} {[%emt 00:00:40]} dxe4 {[%clk
01:31:02]} {[%emt 00:00:37]} 4. fxe4 {[%clk 01:28:56]} {[%emt 00:00:39]} e5
{[%clk 01:31:27]} {[%emt 00:00:05]} 5. Nf3 {[%clk 01:28:15]} {[%emt 00:01:11]}
Bg4 {[%clk 01:31:12]} {[%emt 00:00:45]} 6. Bc4 {[%clk 01:26:45]} {[%emt
00:01:59]} Nd7 {[%clk 01:30:51]} {[%emt 00:00:51]} 7. c3 {[%clk 01:24:45]}
{[%emt 00:02:30]} Bd6 {[%clk 01:07:54]} {[%emt 00:23:27]} 8. Qb3 {[%clk
01:11:41]} {[%emt 00:13:33]} Qe7 {[%clk 01:02:37]} {[%emt 00:05:47]} 9. O-O
{[%clk 01:03:48]} {[%emt 00:08:22]} Ngf6 {[%clk 00:50:51]} {[%emt 00:12:17]}
10. Bg5 {[%clk 00:50:36]} {[%emt 00:13:42]} O-O {[%clk 00:32:33]} {[%emt
00:18:49]} 11. Nbd2 {[%clk 00:44:54]} {[%emt 00:06:12]} h6 {[%clk 00:27:51]}
{[%emt 00:05:12]} 12. Bh4 {[%clk 00:42:08]} {[%emt 00:03:15]} b5 {[%clk
00:20:41]} {[%emt 00:07:40]} 13. Bd3 {[%clk 00:35:07]} {[%emt 00:07:31]} Rab8
{[%clk 00:18:13]} {[%emt 00:02:58]} 14. h3 {[%clk 00:28:19]} {[%emt 00:07:18]}
Bxf3 {[%clk 00:15:22]} {[%emt 00:03:21]} 15. Nxf3 {[%clk 00:21:13]} {[%emt
00:07:37]} c5 {[%clk 00:13:16]} {[%emt 00:02:36]} 16. dxc5 {[%clk 00:15:46]}
{[%emt 00:05:56]} Nxc5 {[%clk 00:09:02]} {[%emt 00:04:44]} 17. Qc2 {[%clk
00:15:59]} {[%emt 00:00:17]} Rfd8 {[%clk 00:07:13]} {[%emt 00:02:19]} 18. Bxf6
{[%clk 00:09:08]} {[%emt 00:07:21]} Qxf6 {[%clk 00:04:55]} {[%emt 00:02:49]}
19. Rad1 {[%clk 00:03:57]} {[%emt 00:05:41]} Qg6 {[%clk 00:03:21]} {[%emt
00:02:04]} 20. Qe2 {[%clk 00:02:41]} {[%emt 00:01:45]} Nxd3 {[%clk 00:01:17]}
{[%emt 00:02:34]} 21. Rxd3 {[%clk 00:02:57]} {[%emt 00:00:14]} a6 {[%clk
00:00:48]} {[%emt 00:00:59]} 22. Nh4 {[%clk 00:02:03]} {[%emt 00:01:24]} Bc5+
{[%clk 00:00:37]} {[%emt 00:00:40]} 23. Kh2 {[%clk 00:01:21]} {[%emt 00:01:12]}
Qg5 {[%clk 00:01:01]} {[%emt 00:00:06]} 24. Nf3 {[%clk 00:00:41]} {[%emt
00:01:10]} Qe7 {[%clk 00:01:14]} {[%emt 00:00:18]} 25. Rfd1 {[%clk 00:00:49]}
{[%emt 00:00:21]} Bb6 {[%clk 00:00:56]} {[%emt 00:00:48]} 26. Rd5 {[%clk
00:00:51]} {[%emt 00:00:28]} Bc7 {[%clk 00:00:43]} {[%emt 00:00:43]} 27. Kh1
{[%clk 00:00:56]} {[%emt 00:00:25]} Rxd5 {[%clk 00:00:39]} {[%emt 00:00:34]}
28. Rxd5 {[%clk 00:01:13]} {[%emt 00:00:13]} Rd8 {[%clk 00:00:45]} {[%emt
00:00:24]} 29. Qd3 {[%clk 00:01:04]} {[%emt 00:00:40]} Kh7 {[%clk 00:00:36]}
{[%emt 00:00:39]} 30. Kg1 {[%clk 00:00:38]} {[%emt 00:00:55]} g6 {[%clk
00:00:39]} {[%emt 00:00:27]} 31. Kf1 {[%clk 00:00:40]} {[%emt 00:00:28]} Kg7
{[%clk 00:00:52]} {[%emt 00:00:18]} 32. Ke2 {[%clk 00:00:48]} {[%emt 00:00:21]}
Rxd5 {[%clk 00:00:39]} {[%emt 00:00:42]} 33. Qxd5 {[%clk 00:01:13]} {[%emt
00:00:05]} Qd6 {[%clk 00:00:45]} {[%emt 00:00:24]} 34. Qxd6 {[%clk 00:01:15]}
{[%emt 00:00:28]} Bxd6 {[%clk 00:01:11]} {[%emt 00:00:05]} 35. c4 {[%clk
00:01:05]} {[%emt 00:00:39]} Kf6 {[%clk 00:00:36]} {[%emt 00:01:05]} 36. Kd3
{[%clk 00:01:05]} {[%emt 00:00:30]} Ke6 {[%clk 00:00:48]} {[%emt 00:00:18]} 37.
Ne1 {[%clk 00:00:53]} {[%emt 00:00:41]} f5 {[%clk 00:00:56]} {[%emt 00:00:23]}
38. cxb5 {[%clk 00:00:50]} {[%emt 00:00:33]} axb5 {[%clk 00:01:25]} {[%emt
00:00:01]} 39. Nc2 {[%clk 00:01:05]} {[%emt 00:00:15]} Bc5 {[%clk 00:00:46]}
{[%emt 00:01:09]} 40. b4 {[%clk 00:01:23]} {[%emt 00:00:12]} Be7 {[%clk
00:00:47]} {[%emt 00:00:28]} 41. Na3 {[%clk 00:01:41]} {[%emt 00:00:12]} Bxb4
{[%clk 00:00:38]} {[%emt 00:00:40]} 42. Nxb5 {[%clk 00:02:02]} {[%emt
00:00:09]} Ba5 {[%clk 00:28:07]} {[%emt 00:03:01]} 43. Na3 {[%clk 00:31:00]}
{[%emt 00:01:30]} Kf6 {[%clk 00:25:14]} {[%emt 00:03:24]} 44. Nc4 {[%clk
00:31:07]} {[%emt 00:00:23]} Bc7 {[%clk 00:25:35]} {[%emt 00:00:09]} 45. h4
{[%clk 00:28:11]} {[%emt 00:03:26]} f4 {[%clk 00:11:59]} {[%emt 00:14:07]} 46.
a4 {[%clk 00:21:32]} {[%emt 00:07:09]} g5 {[%clk 00:10:16]} {[%emt 00:02:13]}
47. hxg5+ {[%clk 00:21:01]} {[%emt 00:01:00]} Kxg5 {[%clk 00:09:40]} {[%emt
00:01:06]} 48. a5 {[%clk 00:21:10]} {[%emt 00:00:21]} f3 {[%clk 00:00:39]}
{[%emt 00:09:31]} 49. gxf3 {[%clk 00:21:10]} {[%emt 00:00:30]} Kf4 {[%clk
00:01:03]} {[%emt 00:00:07]} 50. a6 {[%clk 00:16:53]} {[%emt 00:04:46]} Bb8
{[%clk 00:01:27]} {[%emt 00:00:07]} 51. Na5 {[%clk 00:10:54]} {[%emt 00:06:28]}
Ba7 {[%clk 00:01:29]} {[%emt 00:00:28]} 52. Nc6 {[%clk 00:11:04]} {[%emt
00:00:19]} Bb6 {[%clk 00:01:41]} {[%emt 00:00:19]} 53. Ke2 {[%clk 00:10:08]}
{[%emt 00:01:26]} h5 {[%clk 00:01:49]} {[%emt 00:00:22]} 54. a7 {[%clk
00:10:14]} {[%emt 00:00:24]} Bxa7 {[%clk 00:02:09]} {[%emt 00:00:10]} 55. Nxa7
{[%clk 00:10:39]} {[%emt 00:00:05]} Kg3 {[%clk 00:02:31]} {[%emt 00:00:08]} 56.
Nc6 {[%clk 00:10:56]} {[%emt 00:00:13]} h4 {[%clk 00:02:26]} {[%emt 00:00:36]}
57. Nxe5 {[%clk 00:11:17]} {[%emt 00:00:09]} h3 {[%clk 00:02:37]} {[%emt
00:00:19]} 58. Ng4 {[%clk 00:11:42]} {[%emt 00:00:04]} 1-0

[Event "Deutsche Ländermeisterschaft 2022"]
[Site "Wiesbaden GER"]
[Date "2022.10.01"]
[Round "1"]
[White "Hoppstädter, Daniel"]
[Black "Mader, Fabian"]
[Result "1/2-1/2"]
[Termination "normal"]
[Board "6.4"]
[WhiteElo "1935"]
[BlackElo "1735"]
[WhiteClock "00:30:30"]
[BlackClock "00:30:42"]
[WhiteTeam "Saarland"]
[BlackTeam "Rheinland-Pfalz"]
[PlyCount "87"]
[WhiteFideId "16243625"]
[BlackFideId "16265866"]
[EventCountry "GER"]
[EventRounds "7"]
[EventType "team-swiss"]
[EventDate "2022.09.30"]

1. d4 {[%clk 01:30:58]} Nf6 {[%clk 01:30:52]} {[%emt 00:00:08]} 2. Nf3 {[%clk
01:31:24]} {[%emt 00:00:05]} g6 {[%clk 01:31:13]} {[%emt 00:00:09]} 3. Nc3
{[%clk 01:31:48]} {[%emt 00:00:05]} d5 {[%clk 01:31:35]} {[%emt 00:00:08]} 4.
Bf4 {[%clk 01:32:14]} {[%emt 00:00:04]} Bg7 {[%clk 01:31:55]} {[%emt 00:00:11]}
5. e3 {[%clk 01:32:38]} {[%emt 00:00:06]} O-O {[%clk 01:32:07]} {[%emt
00:00:18]} 6. Be2 {[%clk 01:33:03]} {[%emt 00:00:05]} b6 {[%clk 01:29:08]}
{[%emt 00:03:29]} 7. Ne5 {[%clk 01:30:33]} {[%emt 00:02:59]} Bb7 {[%clk
01:26:36]} {[%emt 00:03:02]} 8. h4 {[%clk 01:22:52]} {[%emt 00:08:12]} Nbd7
{[%clk 01:20:46]} {[%emt 00:06:21]} 9. h5 {[%clk 01:13:57]} {[%emt 00:09:24]}
c5 {[%clk 01:09:02]} {[%emt 00:12:14]} 10. hxg6 {[%clk 01:09:59]} {[%emt
00:02:44]} fxg6 {[%clk 01:05:09]} {[%emt 00:06:07]} 11. Qd2 {[%clk 01:08:12]}
{[%emt 00:02:17]} e6 {[%clk 00:40:35]} {[%emt 00:25:04]} 12. O-O-O {[%clk
01:05:46]} {[%emt 00:02:55]} c4 {[%clk 00:34:24]} {[%emt 00:06:42]} 13. e4
{[%clk 00:58:10]} {[%emt 00:08:06]} a6 {[%clk 00:29:58]} {[%emt 00:04:57]} 14.
Nf3 {[%clk 00:40:41]} {[%emt 00:17:58]} b5 {[%clk 00:23:38]} {[%emt 00:06:49]}
15. Ng5 {[%clk 00:20:33]} {[%emt 00:20:38]} b4 {[%clk 00:18:04]} {[%emt
00:06:05]} 16. Nb1 {[%clk 00:21:01]} {[%emt 00:00:02]} Nxe4 {[%clk 00:17:31]}
{[%emt 00:01:03]} 17. Nxe4 {[%clk 00:21:19]} {[%emt 00:00:11]} dxe4 {[%clk
00:17:56]} {[%emt 00:00:04]} 18. Bxc4 {[%clk 00:19:52]} {[%emt 00:01:58]} Bd5
{[%clk 00:17:14]} {[%emt 00:01:12]} 19. Bxd5 {[%clk 00:20:21]} {[%emt
00:00:02]} exd5 {[%clk 00:17:38]} {[%emt 00:00:06]} 20. Bd6 {[%clk 00:20:23]}
{[%emt 00:00:27]} a5 {[%clk 00:13:17]} {[%emt 00:04:51]} 21. Bxf8 {[%clk
00:19:05]} {[%emt 00:01:48]} Qxf8 {[%clk 00:12:34]} {[%emt 00:01:13]} 22. Qe3
{[%clk 00:15:49]} {[%emt 00:03:45]} Nb6 {[%clk 00:11:45]} {[%emt 00:01:19]} 23.
Qh3 {[%clk 00:15:39]} {[%emt 00:00:40]} Qf6 {[%clk 00:08:22]} {[%emt 00:03:54]}
24. Qxh7+ {[%clk 00:15:26]} {[%emt 00:00:43]} Kf7 {[%clk 00:08:19]} {[%emt
00:00:33]} 25. Qh4 {[%clk 00:14:43]} {[%emt 00:01:12]} Qc6 {[%clk 00:07:18]}
{[%emt 00:01:32]} 26. f3 {[%clk 00:11:49]} {[%emt 00:03:24]} Rc8 {[%clk
00:07:03]} {[%emt 00:00:44]} 27. Rd2 {[%clk 00:11:14]} {[%emt 00:01:05]} Nc4
{[%clk 00:06:16]} {[%emt 00:01:18]} 28. Qf4+ {[%clk 00:08:42]} {[%emt
00:03:02]} Kg8 {[%clk 00:06:07]} {[%emt 00:00:39]} 29. fxe4 {[%clk 00:08:39]}
{[%emt 00:00:33]} Nxd2 {[%clk 00:05:36]} {[%emt 00:01:01]} 30. Qxd2 {[%clk
00:09:06]} {[%emt 00:00:03]} dxe4 {[%clk 00:05:44]} {[%emt 00:00:23]} 31. c3
{[%clk 00:07:58]} {[%emt 00:01:38]} Qd5 {[%clk 00:04:28]} {[%emt 00:01:46]} 32.
Qe3 {[%clk 00:06:08]} {[%emt 00:02:20]} Bxd4 {[%clk 00:02:32]} {[%emt
00:02:26]} 33. Qh3 {[%clk 00:04:07]} {[%emt 00:02:30]} Rc7 {[%clk 00:02:16]}
{[%emt 00:00:47]} 34. Rd1 {[%clk 00:04:35]} {[%emt 00:00:02]} Qe5 {[%clk
00:02:17]} {[%emt 00:00:29]} 35. Kc2 {[%clk 00:03:17]} {[%emt 00:01:48]} e3
{[%clk 00:01:58]} {[%emt 00:00:49]} 36. Qg4 {[%clk 00:03:32]} {[%emt 00:00:14]}
e2 {[%clk 00:01:38]} {[%emt 00:00:51]} 37. Rxd4 {[%clk 00:02:05]} {[%emt
00:01:56]} e1=Q {[%clk 00:01:06]} {[%emt 00:01:01]} 38. Qxg6+ {[%clk 00:02:24]}
{[%emt 00:00:11]} Kf8 {[%clk 00:01:30]} {[%emt 00:00:06]} 39. Rd8+ {[%clk
00:02:49]} {[%emt 00:00:06]} Ke7 {[%clk 00:01:42]} {[%emt 00:00:18]} 40. Re8+
{[%clk 00:01:51]} {[%emt 00:01:27]} Kd7 {[%clk 00:02:00]} {[%emt 00:00:11]} 41.
Qf7+ {[%clk 00:00:51]} {[%emt 00:01:31]} Kd6 {[%clk 00:01:17]} {[%emt
00:01:13]} 42. Rxe5 {[%clk 00:00:37]} {[%emt 00:00:44]} Qxe5 {[%clk 00:01:33]}
{[%emt 00:00:14]} 43. Qf8+ {[%clk 00:30:24]} {[%emt 00:00:44]} Kd7 {[%clk
00:30:42]} {[%emt 00:01:21]} 44. Qf7+ {[%clk 00:30:30]} {[%emt 00:00:23]}
1/2-1/2

[Event "Deutsche Ländermeisterschaft 2022"]
[Site "Wiesbaden GER"]
[Date "2022.10.01"]
[Round "1"]
[White "Yue, Qizhou"]
[Black "Mukazhanov, Mansur"]
[Result "1/2-1/2"]
[Termination "normal"]
[Board "6.5"]
[WhiteElo "1711"]
[BlackElo "1319"]
[WhiteClock "00:06:27"]
[BlackClock "01:31:32"]
[WhiteTeam "Rheinland-Pfalz"]
[BlackTeam "Saarland"]
[PlyCount "71"]
[WhiteFideId "16273800"]
[BlackFideId "13752324"]
[EventCountry "GER"]
[EventRounds "7"]
[EventType "team-swiss"]
[EventDate "2022.09.30"]

1. e4 {[%clk 01:30:57]} {[%emt 00:00:02]} e6 {[%clk 01:29:27]} {[%emt
00:01:35]} 2. d4 {[%clk 01:31:11]} {[%emt 00:00:15]} d5 {[%clk 01:29:53]}
{[%emt 00:00:04]} 3. Nd2 {[%clk 01:31:25]} {[%emt 00:00:15]} c5 {[%clk
01:30:09]} {[%emt 00:00:14]} 4. Ngf3 {[%clk 01:30:46]} {[%emt 00:01:10]} Nc6
{[%clk 01:30:16]} {[%emt 00:00:23]} 5. exd5 {[%clk 01:29:20]} {[%emt 00:01:55]}
Qxd5 {[%clk 01:30:34]} {[%emt 00:00:13]} 6. Bc4 {[%clk 01:27:20]} {[%emt
00:02:29]} Qd8 {[%clk 01:30:58]} {[%emt 00:00:07]} 7. Nb3 {[%clk 01:19:59]}
{[%emt 00:07:51]} cxd4 {[%clk 01:29:02]} {[%emt 00:02:27]} 8. Nbxd4 {[%clk
01:18:32]} {[%emt 00:01:57]} Nxd4 {[%clk 01:29:12]} {[%emt 00:00:21]} 9. Qxd4
{[%clk 01:16:45]} {[%emt 00:02:17]} Qxd4 {[%clk 01:28:50]} {[%emt 00:00:52]}
10. Nxd4 {[%clk 01:17:07]} {[%emt 00:00:08]} a6 {[%clk 01:29:11]} {[%emt
00:00:09]} 11. a4 {[%clk 01:15:36]} {[%emt 00:02:01]} Nf6 {[%clk 01:29:24]}
{[%emt 00:00:18]} 12. Bd2 {[%clk 01:09:04]} {[%emt 00:07:01]} Bc5 {[%clk
01:29:33]} {[%emt 00:00:20]} 13. Nb3 {[%clk 01:06:32]} {[%emt 00:03:03]} Bd6
{[%clk 01:29:36]} {[%emt 00:00:28]} 14. a5 {[%clk 01:02:14]} {[%emt 00:04:48]}
Bd7 {[%clk 01:29:15]} {[%emt 00:00:51]} 15. Be3 {[%clk 00:54:15]} {[%emt
00:08:28]} Rc8 {[%clk 01:29:02]} {[%emt 00:00:43]} 16. Bd3 {[%clk 00:43:55]}
{[%emt 00:10:50]} Nd5 {[%clk 01:29:06]} {[%emt 00:00:26]} 17. Bd2 {[%clk
00:38:28]} {[%emt 00:05:58]} Bc6 {[%clk 01:29:04]} {[%emt 00:00:32]} 18. Nd4
{[%clk 00:37:02]} {[%emt 00:01:56]} Nf4 {[%clk 01:28:09]} {[%emt 00:01:25]} 19.
Bxf4 {[%clk 00:36:32]} {[%emt 00:01:00]} Bxf4 {[%clk 01:28:30]} {[%emt
00:00:09]} 20. Nxc6 {[%clk 00:34:52]} {[%emt 00:02:10]} Rxc6 {[%clk 01:28:52]}
{[%emt 00:00:08]} 21. Ra4 {[%clk 00:29:38]} {[%emt 00:05:44]} Be5 {[%clk
01:29:06]} {[%emt 00:00:17]} 22. Rb4 {[%clk 00:28:02]} {[%emt 00:02:06]} Rc7
{[%clk 01:28:38]} {[%emt 00:00:58]} 23. Be4 {[%clk 00:22:42]} {[%emt 00:05:50]}
Ke7 {[%clk 01:28:51]} {[%emt 00:00:18]} 24. Rxb7 {[%clk 00:18:37]} {[%emt
00:04:34]} Rxb7 {[%clk 01:29:11]} {[%emt 00:00:11]} 25. Bxb7 {[%clk 00:19:01]}
{[%emt 00:00:04]} Bxb2 {[%clk 01:29:38]} {[%emt 00:00:04]} 26. Kd2 {[%clk
00:15:44]} {[%emt 00:03:46]} Rd8+ {[%clk 01:30:00]} {[%emt 00:00:08]} 27. Ke2
{[%clk 00:15:07]} {[%emt 00:01:07]} Bc3 {[%clk 01:30:21]} {[%emt 00:00:09]} 28.
Rd1 {[%clk 00:13:58]} {[%emt 00:01:39]} Rxd1 {[%clk 01:30:32]} {[%emt
00:00:20]} 29. Kxd1 {[%clk 00:14:23]} {[%emt 00:00:05]} Bxa5 {[%clk 01:30:48]}
{[%emt 00:00:13]} 30. Bxa6 {[%clk 00:14:42]} {[%emt 00:00:12]} Kd6 {[%clk
01:31:10]} {[%emt 00:00:08]} 31. Ke2 {[%clk 00:12:04]} {[%emt 00:03:08]} f6
{[%clk 01:30:34]} {[%emt 00:01:06]} 32. Kd3 {[%clk 00:09:01]} {[%emt 00:03:32]}
Bb6 {[%clk 01:30:47]} {[%emt 00:00:17]} 33. f3 {[%clk 00:09:03]} {[%emt
00:00:29]} g5 {[%clk 01:31:09]} {[%emt 00:00:08]} 34. c4 {[%clk 00:06:53]}
{[%emt 00:02:39]} h6 {[%clk 01:31:32]} {[%emt 00:00:08]} 35. Bc8 {[%clk
00:06:27]} {[%emt 00:00:55]} Ke5 {[%emt 00:00:29]} 36. Ke4+ {[%emt 00:00:01]}
1/2-1/2

[Event "Deutsche Ländermeisterschaft 2022"]
[Site "Wiesbaden GER"]
[Date "2022.10.01"]
[Round "1"]
[White "Keymer, Cecilia"]
[Black "Alhassan, Jodi"]
[Result "1-0"]
[Termination "normal"]
[Board "6.7"]
[WhiteElo "1696"]
[BlackElo "1227"]
[WhiteClock "00:32:44"]
[BlackClock "01:59:45"]
[WhiteTeam "Rheinland-Pfalz"]
[BlackTeam "Saarland"]
[PlyCount "120"]
[WhiteFideId "16233468"]
[BlackFideId "16250460"]
[EventCountry "GER"]
[EventRounds "7"]
[EventType "team-swiss"]
[EventDate "2022.09.30"]

1. d4 Nf6 2. c4 e6 3. Nf3 Be7 4. Nc3 d5 5. cxd5 exd5 6. Bg5 c6 7. Qc2 Be6 8. e3
h6 9. Bf4 O-O 10. Bd3 Nbd7 11. h3 Rc8 12. O-O c5 13. Bf5 Bxf5 14. Qxf5 cxd4 15.
Nxd4 Nc5 16. Be5 Nce4 17. Nxe4 Nxe4 18. Rfd1 Bf6 19. f3 Bxe5 20. fxe4 Qe7 21.
exd5 a6 22. Qf2 Rfd8 23. Nf5 Qf6 24. Rd2 Kh7 25. Rad1 g6 26. Ng3 Qxf2+ 27. Kxf2
Bxg3+ 28. Kxg3 Rd6 29. Kf4 f6 30. e4 Re8 31. Rc1 Re7 32. Rc3 Kg7 33. Re3 Re5
34. g4 Kf7 35. Rc2 Rd7 36. Rd3 Ke7 37. Rc8 Rd8 38. Rc4 Rd7 39. b4 Rd6 40. a4
Kd7 41. Rdc3 Ke7 42. Rc8 Kf7 43. R3c7+ Re7 44. Rxe7+ Kxe7 45. Rc7+ Rd7 46.
Rxd7+ Kxd7 47. e5 fxe5+ 48. Kxe5 g5 49. Kf6 Kd6 50. Kg6 Kxd5 51. Kxh6 b5 52.
axb5 axb5 53. Kxg5 Kc4 54. h4 Kxb4 55. h5 Ka3 56. h6 b4 57. h7 b3 58. h8=Q b2
59. Qa8+ Kb3 60. Qb7+ Kc2

[Event "Deutsche Ländermeisterschaft 2022"]
[Site "Wiesbaden GER"]
[Date "2022.10.01"]
[Round "1"]
[White "Schmider, Niklas"]
[Black "Färber, David"]
[Result "0-1"]
[Termination "normal"]
[Board "7.1"]
[WhiteTitle "FM"]
[WhiteElo "2407"]
[BlackElo "2354"]
[WhiteClock "00:01:29"]
[BlackClock "00:02:45"]
[WhiteTeam "Baden 1"]
[BlackTeam "Baden 2"]
[PlyCount "84"]
[WhiteFideId "12993778"]
[BlackFideId "12971294"]
[EventCountry "GER"]
[EventRounds "7"]
[EventType "team-swiss"]
[EventDate "2022.09.30"]

1. Nf3 {[%clk 01:30:26]} {[%emt 00:00:33]} Nf6 {[%clk 01:30:13]} {[%emt
00:00:47]} 2. g3 {[%clk 01:30:26]} {[%emt 00:00:30]} d5 {[%clk 01:30:02]}
{[%emt 00:00:42]} 3. Bg2 {[%clk 01:30:26]} {[%emt 00:00:29]} Bg4 {[%clk
01:28:37]} {[%emt 00:01:56]} 4. h3 {[%clk 01:30:28]} {[%emt 00:00:28]} Bxf3
{[%clk 01:24:37]} {[%emt 00:04:30]} 5. Bxf3 {[%clk 01:30:20]} {[%emt 00:00:38]}
e5 {[%clk 01:24:27]} {[%emt 00:00:40]} 6. d3 {[%clk 01:29:26]} {[%emt
00:01:22]} c6 {[%clk 01:20:38]} {[%emt 00:04:21]} 7. O-O {[%clk 01:29:34]}
{[%emt 00:00:22]} Bc5 {[%clk 01:19:14]} {[%emt 00:01:54]} 8. e4 {[%clk
01:27:08]} {[%emt 00:02:56]} O-O {[%clk 01:17:52]} {[%emt 00:01:53]} 9. exd5
{[%clk 01:22:22]} {[%emt 00:05:16]} Nxd5 {[%clk 01:12:17]} {[%emt 00:06:06]}
10. Nc3 {[%clk 01:19:33]} {[%emt 00:03:17]} Nxc3 {[%clk 00:58:32]} {[%emt
00:14:16]} 11. bxc3 {[%clk 01:19:51]} {[%emt 00:00:10]} Qd6 {[%clk 00:54:34]}
{[%emt 00:04:29]} 12. Rb1 {[%clk 01:17:21]} {[%emt 00:03:00]} Bb6 {[%clk
00:52:08]} {[%emt 00:02:56]} 13. Bd2 {[%clk 00:54:57]} {[%emt 00:22:53]} Nd7
{[%clk 00:46:11]} {[%emt 00:06:27]} 14. Bg2 {[%clk 00:48:10]} {[%emt 00:07:17]}
Rab8 {[%clk 00:44:06]} {[%emt 00:02:35]} 15. Qe2 {[%clk 00:41:07]} {[%emt
00:07:33]} Rfd8 {[%clk 00:36:23]} {[%emt 00:08:13]} 16. Rfe1 {[%clk 00:32:50]}
{[%emt 00:08:47]} Qa3 {[%clk 00:35:20]} {[%emt 00:01:33]} 17. c4 {[%clk
00:27:42]} {[%emt 00:05:37]} Ba5 {[%clk 00:29:16]} {[%emt 00:06:35]} 18. Bxa5
{[%clk 00:26:25]} {[%emt 00:01:48]} Qxa5 {[%clk 00:29:36]} {[%emt 00:00:09]}
19. Rb2 {[%clk 00:25:41]} {[%emt 00:01:14]} Qc7 {[%clk 00:23:25]} {[%emt
00:06:41]} 20. Qe3 {[%clk 00:23:21]} {[%emt 00:02:51]} b6 {[%clk 00:22:31]}
{[%emt 00:01:24]} 21. Qf3 {[%clk 00:16:52]} {[%emt 00:06:58]} Rbc8 {[%clk
00:21:28]} {[%emt 00:01:33]} 22. Rbb1 {[%clk 00:16:05]} {[%emt 00:01:17]} Qd6
{[%clk 00:21:28]} {[%emt 00:00:30]} 23. h4 {[%clk 00:13:50]} {[%emt 00:02:45]}
Rc7 {[%clk 00:18:04]} {[%emt 00:03:53]} 24. Bh3 {[%clk 00:13:23]} {[%emt
00:00:58]} f6 {[%clk 00:16:34]} {[%emt 00:02:00]} 25. h5 {[%clk 00:11:57]}
{[%emt 00:01:57]} Nc5 {[%clk 00:16:18]} {[%emt 00:00:46]} 26. h6 {[%clk
00:08:38]} {[%emt 00:03:49]} g6 {[%clk 00:15:55]} {[%emt 00:00:53]} 27. Re3
{[%clk 00:07:27]} {[%emt 00:01:40]} Qf8 {[%clk 00:09:44]} {[%emt 00:06:41]} 28.
Rbe1 {[%clk 00:05:10]} {[%emt 00:02:47]} Rd6 {[%clk 00:08:25]} {[%emt
00:01:49]} 29. c3 {[%clk 00:01:39]} {[%emt 00:04:01]} Qxh6 {[%clk 00:08:08]}
{[%emt 00:00:47]} 30. Bf1 {[%clk 00:01:46]} {[%emt 00:00:23]} Rf7 {[%clk
00:05:24]} {[%emt 00:03:14]} 31. d4 {[%clk 00:01:21]} {[%emt 00:00:55]} Ne6
{[%clk 00:02:34]} {[%emt 00:03:21]} 32. c5 {[%clk 00:00:41]} {[%emt 00:01:10]}
bxc5 {[%clk 00:02:43]} {[%emt 00:00:21]} 33. dxe5 {[%emt 00:00:35]} fxe5 {[%clk
00:03:00]} {[%emt 00:00:13]} 34. Qe2 {[%clk 00:00:55]} {[%emt 00:00:10]} Ng5
{[%clk 00:02:58]} {[%emt 00:00:32]} 35. Bg2 {[%clk 00:00:41]} {[%emt 00:00:44]}
e4 {[%clk 00:02:56]} {[%emt 00:00:32]} 36. Rf1 {[%clk 00:00:37]} {[%emt
00:00:35]} Rdf6 {[%clk 00:02:02]} {[%emt 00:01:24]} 37. Qg4 {[%clk 00:00:43]}
{[%emt 00:00:24]} Rf5 {[%clk 00:01:44]} {[%emt 00:00:48]} 38. Re2 {[%clk
00:00:45]} {[%emt 00:00:28]} Nf3+ {[%clk 00:01:38]} {[%emt 00:00:36]} 39. Bxf3
{[%clk 00:01:09]} {[%emt 00:00:06]} exf3 {[%clk 00:01:56]} {[%emt 00:00:12]}
40. Re3 {[%clk 00:00:36]} {[%emt 00:01:03]} Rh5 {[%clk 00:01:58]} {[%emt
00:00:28]} 41. Rxf3 {[%clk 00:01:01]} {[%emt 00:00:05]} Rh1+ {[%clk 00:02:21]}
{[%emt 00:00:07]} 42. Kg2 {[%clk 00:01:29]} {[%emt 00:00:02]} Qh2# {[%clk
00:02:45]} {[%emt 00:00:05]} 0-1